[Event "ISR-ch"]
[Site "Ramat Aviv/Modiin"]
[Date "2000.12.21"]
[Round "5"]
[White "Sutovsky, Emil"]
[Black "Postny, Evgeny"]
[Result "1/2-1/2"]
[WhiteElo "2609"]
[BlackElo "2434"]
[Annotator "Postny,E"]
[PlyCount "57"]
[EventDate "2000.12.17"]
[EventType "tourn"]
[EventRounds "11"]
[EventCountry "ISR"]
[EventCategory "11"]
[SourceTitle "CBM 081"]
[Source "ChessBase"]
[SourceDate "2001.03.20"]
[SourceVersion "1"]
[SourceVersionDate "2001.03.20"]
[SourceQuality "1"]

1. e4 e5 2. Nf3 Nc6 3. d4 exd4 4. Nxd4 Bc5 5. Be3 Qf6 6. c3 Nge7 7. g3 {
Rare move.Main line is 7.Bc4.} d5 {This is the most logical way to continue,
because at the moment black has more developed pieces.} 8. Bg2 dxe4 9. O-O ({
Also possible} 9. Nd2 Bb6 (9... Bxd4 $142 10. cxd4 Bf5 11. Nxe4 Bxe4 12. Bxe4
Qe6 $11) 10. Nxe4 Qg6 11. O-O Bg4 12. Qa4 O-O 13. Nc5 $1 Ne5 14. Bf4 Bxc5 15.
Bxe5 Qh5 16. Bxc7 Nd5 17. Ba5 Rac8 18. Nb3 Bf3 19. Bxf3 Qxf3 20. Nd4 Qf6 21.
Qd7 $16 {1/2-1/2 Sveshnikov,E-Yurtaev,L/Podolsk 1990/TD (73)}) 9... Bxd4 {
After some thought I decided to change my dark-squares bishop-the only
undefended piece in black's position.} (9... O-O 10. Nd2 $36 {[%csl Rc5,Rf6]})
10. cxd4 Bf5 11. Nc3 O-O-O ({Good alternative might be} 11... Rd8 12. Nxe4 (12.
Qb3 Nxd4 13. Qxb7 Qb6 $132) 12... Bxe4 13. Bxe4 Qe6 $11) 12. f3 $5 {
Interesting decision, but perhaps not the strongest one.} (12. Nxe4 {was more
natural} Bxe4 13. Bxe4 Qe6 (13... Nxd4 14. Qa4 {with good compensation}) 14.
Bg2 Nd5 15. Re1 {and despite the knights blockade white's position seems to be
preferable.}) 12... exf3 13. Qxf3 Be6 $1 {Best move in the position.Other
moves do not solve the problems:} (13... h5 14. d5 Ne5 15. Qf4 Nd3 16. Qa4 a6
17. Be4 Ne5 18. Rae1 $16 {[%csl Re5,Re7,Rf5,Rf6]}) (13... Bd3 14. Qxf6 gxf6 15.
Rxf6 Nxd4 16. Rd1 Ndc6 17. Rxf7 {and pair of strong bishops gives white an
advantage in the endgame.}) 14. Qd1 Rxd4 $1 ({On} 14... Nf5 $6 {Strong is} 15.
Qc1 $1 {[%cal Gd4d5,Gg3g4]} ({worse is} 15. Qa4 Rxd4 16. Bxd4 Qxd4+ 17. Qxd4
Ncxd4 $11)) ({Simple} 14... Qg6 $1 {was strong enough as well. I was afraid of}
15. d5 {,but} Nxd5 $1 {solving the problem;} 16. Nxd5 (16. Bxd5 $2 Bxd5 17.
Nxd5 Qe6 $19) 16... Rhe8 $1 17. Qb3 (17. Bf4 Bxd5 18. Bxd5 Nb4 19. Bxb7+ Kxb7
$15) 17... Bxd5 18. Bxd5 Rxe3 19. Qxe3 Rxd5 $11) 15. Bxd4 (15. Qc2 {doesn't
change a lot} Nf5 16. Bxd4 Qxd4+ 17. Qf2 $11) 15... Qxd4+ 16. Qxd4 Nxd4 $11 {
[%cal Gd4c2,Yc2e3][%mdl 1024]} 17. Rae1 {[%cal Yc3e4,Ye4c5,Ye4g5]} h6 {[%csl
Yg5] Prophilaktic move.} 18. Rf4 ({After} 18. Ne4 b6 {[%csl Gc5,Ye4,Gg5] white
knight has no move forward.}) 18... Rd8 19. Ref1 Ndc6 {[%csl Yd2,Yd3][%cal
Yc6e5] opening "d" file for the rook.} 20. Rxf7 $5 {[%mdl 512] Brave decision.
Emil Sutovsky decided to give back the exchange in order to activate his
pieces.} Bxf7 21. Rxf7 g6 22. Rg7 ({Worse is} 22. Ne4 Rd1+ 23. Kf2 Nf5) {
Black is a pawn up, but white rook is very active, so I decided to activate my
rook:} 22... Rd2 23. Bxc6 {Now the position becoming very sharp.} Nxc6 24. Rxg6
Ne5 $1 25. Rxh6 Nf3+ 26. Kh1 Rxb2 27. g4 $8 b5 (27... Rc2 $2 {winning last
white pawn on queenside, but losing time.} 28. Ne4 Rxa2 29. Nc5 {[%csl Rc8]} c6
30. Rh3 Ne5 31. g5) 28. Rh3 Ne5 29. g5 {Here in time-trouble draw was agreed.
Following variations confirm that the position is equal:} (29. g5 b4 30. Nd5
Kd7 (30... c5 31. Re3 Ng4 (31... Ng6 $2 32. Ne7+ Nxe7 33. Rxe7 $18) 32. Rg3
Rxh2+ 33. Kg1 Rd2 34. Nxb4 Ne5 35. Rc3 $11) (30... a5 31. Re3 Ng4 (31... Ng6 $2
32. Ne7+ Nxe7 33. Rxe7 $18 {[%csl Gg5]}) 32. Rg3 (32. Re7 Rxh2+ 33. Kg1 Rxa2
34. g6 b3 35. g7 Nh6 36. Re6 b2 37. Nc3 Ra4 38. Rxh6 Rg4+ 39. Kf2 Rxg7 $15)
32... Rxh2+ 33. Kg1 Rd2 34. Nxb4 Ne5 35. Na6 $11) (30... c6 31. Re3 Ng4 32. Rg3
Rxh2+ (32... Nf2+ $2 33. Kg1 cxd5 34. g6 Ne4 35. g7 Nf6 36. Rf3 $18) 33. Kg1
cxd5 34. Rxg4 Rh7 $11) 31. Re3 Kd6 (31... Ng6 $5 32. Re4 a5 33. h4 Rxa2 34. h5
b3 35. hxg6 b2 36. Nc3 Ra1+ 37. Kg2 b1=Q 38. Nxb1 Rxb1 $11) 32. Nxc7 Rxa2 33.
Ne8+ Kd5 34. Nf6+ Kd6 35. Ne8+ $11) 1/2-1/2

[Event "Sarajevo Bosnia 34th"]
[Site "Sarajevo"]
[Date "2004.05.20"]
[Round "3"]
[White "Predojevic, Borki"]
[Black "Short, Nigel D"]
[Result "1/2-1/2"]
[WhiteElo "2490"]
[BlackElo "2712"]
[Annotator "Postny,E"]
[PlyCount "61"]
[EventDate "2004.05.18"]
[EventType "tourn"]
[EventRounds "9"]
[EventCountry "BIH"]
[EventCategory "15"]
[SourceTitle "CBM 101"]
[Source "ChessBase"]
[SourceDate "2004.07.27"]
[SourceVersion "1"]
[SourceVersionDate "2004.07.27"]
[SourceQuality "1"]

1. e4 e5 2. Nf3 Nc6 3. d4 exd4 4. Nxd4 Bc5 5. Be3 Qf6 6. c3 b6 $5 {Very rare
continuation, which is more popular on 7th move, after 6...Nge7 7.Bc4 b6.} 7.
g3 (7. Nf5 {--> 0-1 Kristjansson,S-Short,N/Reykjavik 2004/CBM 100 [Postny,E] 
(71)}) (7. Qd2 Bb7 8. b4 Be7 9. f3 a5 10. Nb5 Bd8 11. bxa5 Nxa5 12. N1a3 Ne7
$11 {1/2-1/2 Sanchez,J-Antonio,R/Makati 2002/CBM 88 ext (52)}) (7. Bc4 Nge7 {
leads to the variation 6...Nge7 7.Bc4 b6. For example see the annotated game
Kristjansson,S-Shirov,A/Reykjavik 2003/CBM 94 [Postny,E]}) 7... Bb7 8. Bg2
O-O-O $6 $146 {Interesting, but risky.} (8... Nge7 {appeared in practice
before.}) 9. O-O {Opposite castlings promise sharp play.} h5 {Short does not
want to waste time on moves like 9...Nge7...} (9... Nge7 10. b4 Bxd4 11. cxd4
$36) 10. b4 Bxd4 ({Comes to consideration} 10... Nxd4 11. bxc5 Nc6 12. cxb6
axb6) 11. cxd4 h4 ({Of course, it's bad to grab the pawn:} 11... Nxb4 $2 12.
Qa4 $40) 12. Nc3 Kb8 13. Rc1 {White has much more control over the centre,
which should promise him an advantage.} Rc8 14. Nd5 (14. b5 Na5 15. d5 {
looks good for white.}) 14... Qg6 15. b5 {I don't think, that white should
hurry with this move, but Predojevic wants to force matters...} Na5 16. Nxc7 $6
{The question mark is for the objective evaluation of this sacrifice, the
exclamation mark is for the courage. Objectively speaking, white's position
looks quite promising and there was no need to go for a murky sacrifice.} (16.
Bf4 Bxd5 17. exd5 d6 $13) (16. Qf3 $5) 16... Rxc7 17. Bf4 d6 18. Rxc7 Kxc7 19.
Qc1+ Kb8 (19... Kd8 $6 20. Qa3 $44 {[%csl Rd8]}) 20. e5 d5 $2 {This natural
move is a mistake.} (20... Bxg2 $4 21. exd6 $18 {[%cal Rc1c7]}) (20... hxg3 21.
fxg3 Qh5 22. h3 Ne7 23. exd6 Nd5 24. d7+ Ka8 25. Re1 $18) (20... Nh6 $2 21.
exd6 $18) ({The right continuation was} 20... Qf5 $1 21. exd6 (21. e6 Nf6 22.
Bxd6+ Ka8 23. exf7 Bxg2 24. Kxg2 Qd5+ $19) 21... Nf6 22. Qc7+ Ka8 {and black
seems to be defending successfully.}) 21. e6+ (21. Bxd5 $2 Ne7 {parrying the
attack.}) 21... Ka8 22. Qc7 Nf6 23. e7 {White's passed pawn is so strong, that
black's position can hardly be saved.} Rc8 (23... Qf5 24. Be5 $1 Rc8 (24... Qc8
25. Qxc8+ Rxc8 26. Bxf6 gxf6 27. Re1 Re8 28. Bh3 {[%cal Rh3d7]} Nc4 29. Bd7 Nd6
30. Bxe8 Nxe8 31. gxh4 $18) 25. Qd8 Qe6 26. Bxf6 gxf6 27. gxh4 $1 {[%csl Gh4]
[%cal Gh4h5,Gh5h6,Gh6h7,Gh7h8] and it's hard to give black a good advice.}) 24.
Qd8 Qf5 25. Re1 $2 (25. Be5 $1 {It is important to eliminate the Nf6.} Qe6 26.
Bxf6 (26. f4 $6 Ng8 27. Rc1 Nxe7 28. Rxc8+ Qxc8 (28... Nxc8 $2 29. Qc7) 29.
Qxe7 Qc1+ 30. Bf1 Qe3+ 31. Kg2 Bc8 $1 $11) 26... gxf6 27. gxh4 ({Less clear is
} 27. Bh3 $6 Qxh3 28. e8=Q Rxd8 29. Qxd8+ Qc8 30. Qxc8+ Bxc8 31. gxh4 {[%csl
Gh4]}) 27... Rb8 (27... Nc4 28. h5 Nd6 29. h6 $18) 28. h5 Qc8 29. Qxc8 Rxc8 30.
Re1 Re8 31. Bh3 $18) 25... h3 $1 (25... Nc4 26. Be5 $1 (26. e8=Q $2 Nxe8 27.
Rxe8 Qb1+ (27... Rxd8 $4 28. Rxd8+ Bc8 29. Bxd5+ Qxd5 30. Rxc8+ Kb7 31. Rb8#)
28. Bf1 Qxb5 $17) 26... Nxe5 27. dxe5 hxg3 28. hxg3 Ne8 29. Rc1 Kb8 (29... Rb8
30. Bxd5 Bxd5 31. Qxd5+ Rb7 32. Qc6 $18) 30. Rxc8+ Qxc8 31. Bh3 $18) 26. Re5 (
26. Be5 {does not work in view of} Ng4 {[%csl Rf2]}) 26... Qb1+ 27. Bf1 a6 $1 {
Finally black's king gets some "fresh air".} (27... Nc4 $2 28. Rh5 $1 {[%cal
Gh5h8]} (28. e8=Q $2 Nxe8 29. Qxe8 Nxe5 30. Qxe5 f6 $17) 28... Qxb5 29. Rh8 {
paralizing black's pieces.}) 28. e8=Q {Leads to a draw by force. The analysis
shows that white can not play for more, he already missed his chance...} (28.
Rxd5 Qe4 29. bxa6 Qxd5 (29... Nxd5 $2 30. axb7+ Kxb7 31. Qd7+ Nc7 32. Bxc7 $18)
30. axb7+ Kxb7 (30... Qxb7 31. Bxh3 $18) 31. Ba6+ Kxa6 32. Qxc8+ Qb7 $17) (28.
Qf8 $2 Ne8 29. Qxf7 axb5 $17) 28... Nxe8 29. Rxe8 Rxd8 30. Rxd8+ Ka7 (30... Bc8
$2 31. Rxc8+ Kb7 32. Rc7+ Ka8 33. bxa6 {is very dangerous for black.}) 31. Bb8+
1/2-1/2

[Event "FRA Cup final"]
[Site "Paris"]
[Date "2002.05.25"]
[Round "1.3"]
[White "Santo Roman, Marc"]
[Black "Spassky, Boris Vasilievich"]
[Result "0-1"]
[WhiteElo "2417"]
[BlackElo "2551"]
[Annotator "Postny,E"]
[PlyCount "70"]
[EventDate "2002.05.25"]
[EventType "team"]
[EventRounds "1"]
[EventCountry "FRA"]
[SourceTitle "CBM 090"]
[Source "ChessBase"]
[SourceDate "2002.09.20"]
[SourceVersion "1"]
[SourceVersionDate "2002.09.20"]
[SourceQuality "1"]
[WhiteTeam "Montpellier"]
[BlackTeam "Paris NAO"]
[WhiteTeamCountry "FRA"]
[BlackTeamCountry "FRA"]

{[%mdl 2]} 1. e4 e5 2. Nf3 Nc6 3. d4 exd4 4. Nxd4 Bc5 5. Nxc6 Qf6 6. Qd2 dxc6
7. Nc3 Qe7 {Morozevich's patent.} 8. Bd3 ({The alternative} 8. Qg5 {yields
white better chances to fight for the advantage.}) 8... Nf6 9. O-O Ng4 $146 (
9... O-O 10. Qg5 h6 11. Qh4 (11. Qg3 $142 {as in the game Rublevsky,
S-Morozevich,A/Russian Club Cup 1998/CBM 66 [Mikhalevski,V]. This game by the
way was the first try of the move 7...Qe7.}) 11... Re8 12. Bd2 Be6 13. Rae1 Bd4
14. Qg3 Kh8 15. e5 Ng8 16. Kh1 Qd7 17. Qh4 Bc5 18. Ne4 Be7 19. Qg3 c5 $13 {
0-1 Sebastian,D-Hector,J/Bundesliga 2002 (40)}) 10. Na4 $1 (10. Qg5 $6 f6)
10... Qe5 (10... Bd6 $6 11. f4 b5 12. e5 Bb4 13. c3 Nxh2 $1 (13... Ba5 14. b4
$16) 14. Kxh2 Qh4+ 15. Kg1 Be7 $14) 11. Qf4 Bd6 12. Qxe5+ Nxe5 13. Be2 {
This is a typical position for the Scotch after black's 6...dc recapture.
White enjoys the pawn majority on the kingside, on the other hand black's
pieces are well developed. In this particular position white has preferable
chances, since black can not put the immediate pressure on opponent's position,
and white has enough time to complete his development and prepare the push of
his kingside PP.} f6 14. f4 Ng6 15. Be3 b6 16. Rae1 ({Logical is} 16. c4 {
gaining more space} c5 17. Nc3 $14) 16... O-O 17. Nc3 Bd7 18. Bd3 Rfe8 19. Nd1
{The right manoeuvre. The N goes to f2, where it can support the advance of
the white kingside PP.} Re7 20. g3 {protecting the Pf4.} Bh3 21. Rf2 Nf8 22.
Rd2 {[%cal Yd1f2]} Nd7 23. Bc4+ {It should be useful for white to exchange
bishops.} (23. Nf2 $143 Be6 {[%csl Rd3,Ge6]}) 23... Be6 24. Bxe6+ Rxe6 25. Nf2
Re7 (25... Nc5 26. Bd4 Rae8 27. Rde2 $14 {[%cal Yg1g2,Yg2f3]}) 26. Rde2 b5 27.
Kg2 c5 28. b3 $6 {This move should not be recommended, because it gives black
a target on the queenside. In the future black will be able to open the "a"
file because of this white move.} (28. g4 $14 {[%cal Yh2h4,Yg4g5]}) 28... a5
29. Bd2 a4 {Now the drawbacks of white's 28th move are more transparent.} 30.
Bc3 Ree8 $6 (30... Re6 $5) 31. Nd3 $6 {Missing the chance to create a strong
passed pawn by 31.e5!} (31. e5 $1 fxe5 32. fxe5 Be7 33. e6 $36 {[%csl Ge6]})
31... axb3 32. axb3 Nb6 33. e5 fxe5 34. Nxe5 ({More in principal is} 34. fxe5
Be7 35. e6) 34... Ra2 35. Ra1 $4 {[%mdl 8192] Looks rather innocent, but...it
is losing on the spot!} ({After possible} 35. Kf3 {the whole fight is still on.
}) {[%tqu "En","Suddenly black has a chance to win the game immediatly. How?",
"","","b6d5","",10]} 35... Nd5 $1 {This sudden touch decides the game
immediatly.} (35... Nd5 36. Rxa2 Nxc3 {[%csl Ra2,Re2] and black remains with a
piece up.}) 0-1

[Event "Sarajevo Bosnia 34th"]
[Site "Sarajevo"]
[Date "2004.05.25"]
[Round "7"]
[White "Movsesian, Sergei"]
[Black "Shirov, Alexei"]
[Result "1/2-1/2"]
[WhiteElo "2647"]
[BlackElo "2713"]
[Annotator "Postny,E"]
[PlyCount "77"]
[EventDate "2004.05.18"]
[EventType "tourn"]
[EventRounds "9"]
[EventCountry "BIH"]
[EventCategory "15"]
[SourceTitle "CBM 101"]
[Source "ChessBase"]
[SourceDate "2004.07.27"]
[SourceVersion "1"]
[SourceVersionDate "2004.07.27"]
[SourceQuality "1"]

1. e4 e5 2. Nf3 Nc6 3. d4 exd4 4. Nxd4 Bc5 5. Be3 Qf6 6. c3 Nge7 7. g3 {
Thanks to Sutovsky's efforts this variation gained popularity recently.} h5 $5
{Rare and aggressive reply.} ({The main line is} 7... d5) 8. h3 (8. Nc2 Bxe3 9.
Nxe3 h4 10. Bg2 d6 11. Nd2 hxg3 12. hxg3 Rxh1+ 13. Bxh1 Be6 14. Qe2 O-O-O $11 {
1/2-1/2 Belkhodja,S-Inkiov,V/Condom 2002/CBM 89 ext (48)}) (8. h4 $6 d5 9. Bg2
Bg4 10. Qd3 Ne5 11. Qb5+ c6 12. Qxb7 O-O 13. Qa6 Bxd4 14. cxd4 Nf3+ 15. Kf1
dxe4 $17 {0-1 Anglada Lobarte,J-Roa Alonso,S/Zaragoza 1993/EXT 98 (31)}) 8...
b6 $146 {Shirov decided to switch to the plan with castling to the queenside.}
(8... d5 9. Bg2 Bxd4 10. cxd4 dxe4 11. Nc3 Bf5 12. Qa4 O-O 13. O-O-O b5 $1 14.
Qxb5 Rab8 15. Qc5 Nb4 $36 {0-1 Epstein,E-Friedel,J/Connecticut USA 2004/The
Week in Chess 493 (33)}) 9. Bg2 Bb7 10. O-O O-O-O {Opposite castlings promise
double-edged fight. It's interesting to note that Shirov remains faithful to
his aggressive style even when the draw is good enough for him to secure his
sole leading in the tournament...} 11. b4 Nxd4 (11... Bxd4 $6 12. cxd4 Nxb4 (
12... d5 13. b5 Na5 14. e5 Qg6 15. Nd2 $16) 13. Qa4 Nbc6 14. Nc3 {with strong
initiative for white.}) 12. bxc5 ({Comes to consideration} 12. cxd4 Bxb4 13.
Qa4 Ba5 14. Nd2 $44 (14. d5 $2 Qxa1 15. Bd4 b5 $19)) 12... Ndc6 13. Na3 d5 $1 {
Nice strike in the centre.} ({Very dangerous for black} 13... Qxc3 $2 14. Nb5)
14. cxd6 (14. exd5 $2 {would fall into the trap} Nxd5 15. Bxd5 {[%tqu "En",
"How should black continue?","","","d8d5","",5]} Rxd5 $1 16. Qxd5 Ne5 17. Qd1
Rd8 18. Qxh5 g6 $1 $19) 14... Rxd6 15. Qa4 Rd3 16. Nb5 a6 17. Qc2 Rd7 (17...
Rxe3 $2 18. fxe3 Qg5 19. Nd4 Qxe3+ 20. Qf2 $16) 18. Nd4 Rhd8 (18... h4 $6 19.
g4 {only helps white.}) 19. Rad1 Qg6 20. Ne2 {Movsesian decided to simplify
the position.} ({Possible was} 20. Kh2 {defending Pg3 and preparing f2-f4.})
20... Rxd1 21. Rxd1 Rxd1+ 22. Qxd1 Qf6 {White has a pair of bishops, but black
has superior pawnstructure. The chances are about equal.} 23. h4 g6 24. Nd4 Ne5
25. Qa4 {[%csl Re8] Threatening mate in one...} b5 26. Qb4 Qd6 27. Bg5 $4 {
[%mdl 8192] Just a blunder...} (27. Qxd6 cxd6 $11 {[%cal Ge5c4]}) 27... c5 {
Ouch! After this it's quite strange, that the game ended peacefully...} 28. Qb3
cxd4 ({More complicated, but probably more convincing was} 28... f6 29. f4 (29.
Bf4 cxd4 30. cxd4 Qxd4 31. Qe6+ Kd8 $19) 29... Nc4) 29. cxd4 Qxd4 ({Not so
clear is} 29... Nc4 $6 30. a4) 30. Bxe7 Qa1+ $2 {This check spoiles black's
advantage.} (30... Bxe4 31. Bf6 (31. Bxe4 Qxe4 $19 {[%csl Ge4,Ge5]}) 31... Bxg2
32. Bxe5 Qxe5 33. Kxg2 Qe6 {and black is objectively winning, though it's not
an easy win.}) 31. Bf1 Bxe4 ({After} 31... Qe1 32. f3 Qxg3+ 33. Bg2 {black
does not achieve much, his king is vulnerable as well.}) 32. Bf6 {Probably
Shirov simply forgot about this move... Now it's a forced draw...} Nf3+ (32...
Bc6 33. Qe3 Nf3+ 34. Qxf3 Qxf1+ 35. Kxf1 Bxf3 {the same drawish endgame, like
in the text.}) 33. Qxf3 Qxf1+ 34. Kxf1 Bxf3 35. Ke1 {The endgame is dead drawn.
Black's extra pawn has no significance at all in the endgame with opposite
colour bishops.} Kd7 36. Kd2 b4 37. Kc2 a5 38. a3 Ke6 39. Bd8 1/2-1/2